The last kids on Earth : (Record no. 408919)
[ view plain ]
| 000 -LEADER | |
|---|---|
| fixed length control field | 02483nam a2200517 i 4500 |
| 001 - CONTROL NUMBER | |
| control field | in503322293 |
| 003 - CONTROL NUMBER IDENTIFIER | |
| control field | Ingram |
| 005 - DATE AND TIME OF LATEST TRANSACTION | |
| control field | 20250611182248.0 |
| 008 - FIXED-LENGTH DATA ELEMENTS--GENERAL INFORMATION | |
| fixed length control field | 241023s2024 nyua c 6 000 0 eng d |
| 020 ## - INTERNATIONAL STANDARD BOOK NUMBER | |
| International Standard Book Number | 9780593622162 |
| Qualifying information | (hardcover) |
| 020 ## - INTERNATIONAL STANDARD BOOK NUMBER | |
| International Standard Book Number | 9780593622179 |
| Qualifying information | (paperback) |
| 020 ## - INTERNATIONAL STANDARD BOOK NUMBER | |
| International Standard Book Number | 9781536489422 |
| 020 ## - INTERNATIONAL STANDARD BOOK NUMBER | |
| International Standard Book Number | 1536489425 |
| 035 ## - SYSTEM CONTROL NUMBER | |
| System control number | (OCoLC)1463572371 |
| 040 ## - CATALOGING SOURCE | |
| Original cataloging agency | TnLvILS |
| Language of cataloging | eng |
| Description conventions | rda |
| Transcribing agency | TnLvILS |
| Modifying agency | TnLvILS |
| 041 0# - LANGUAGE CODE | |
| Language code of text/sound track or separate title | eng |
| 043 ## - GEOGRAPHIC AREA CODE | |
| Geographic area code | n-us--- |
| 092 ## - LOCALLY ASSIGNED DEWEY CALL NUMBER (OCLC) | |
| Classification number | JGN |
| 100 1# - MAIN ENTRY--PERSONAL NAME | |
| Personal name | Brallier, Max, |
| Relator term | author, |
| -- | creator. |
| 9 (RLIN) | 5723194 |
| 245 14 - TITLE STATEMENT | |
| Title | The last kids on Earth : |
| Remainder of title | the graphic novel / |
| Statement of responsibility, etc | Max Brallier ; art by Brian Churilla ; adapted by Scott Peterson ; co-inker, Victor Alpi ; colors by Gonzalo Duarte. |
| 246 3# - VARYING FORM OF TITLE | |
| Title proper/short title | Last kids on Earth. |
| Number of part/section of a work | 1. |
| 264 #1 - Production, Publication, Distribution, Manufacture, and Copyright Notice. | |
| Place of production, publication, distribution, manufacture | New York, New York : |
| Name of producer, publisher, distributor, manufacturer | Viking, an imprint of Penguin Random House LLC, |
| Date of production, publication, distribution, manufacture, or copyr | 2024. |
| 300 ## - PHYSICAL DESCRIPTION | |
| Extent | 208 pages : |
| Other physical details | chiefly color illustrations ; |
| Dimensions | 23 cm |
| 336 ## - Content Type | |
| Content type term | text |
| 337 ## - Media type | |
| Media type term | unmediated |
| 338 ## - Carrier type | |
| Carrier type term | volume |
| 520 ## - SUMMARY, ETC. | |
| Summary, etc | "Ever since the monster apocalypse hit town, average thirteen-year-old Jack Sullivan has been living in his tree house, which he's armed to the teeth with catapults and a moat, not to mention video games and an endless supply of Oreos and Mountain Dew scavenged from abandoned stores. But Jack alone is no match for the hordes of Zombies and Winged Wretches and Vine Thingies, and especially not for the eerily intelligent monster known only as Blarg. So Jack builds a team..."-- |
| 521 1# - TARGET AUDIENCE NOTE | |
| Target audience note | 08-12. |
| 521 2# - TARGET AUDIENCE NOTE | |
| Target audience note | 03-07. |
| 650 #0 - SUBJECT ADDED ENTRY--TOPICAL TERM | |
| Topical term or geographic name as entry element | Survival |
| Form subdivision | Comic books, strips, etc. |
| 9 (RLIN) | 5803428 |
| 650 #0 - SUBJECT ADDED ENTRY--TOPICAL TERM | |
| Topical term or geographic name as entry element | Friendship |
| Form subdivision | Comic books, strips, etc. |
| 9 (RLIN) | 5688309 |
| 650 #0 - SUBJECT ADDED ENTRY--TOPICAL TERM | |
| Topical term or geographic name as entry element | Monsters |
| Form subdivision | Comic books, strips, etc. |
| 9 (RLIN) | 5692737 |
| 650 #0 - SUBJECT ADDED ENTRY--TOPICAL TERM | |
| Topical term or geographic name as entry element | Zombies |
| Form subdivision | Comic books, strips, etc. |
| 9 (RLIN) | 5709987 |
| 650 #0 - SUBJECT ADDED ENTRY--TOPICAL TERM | |
| Topical term or geographic name as entry element | Tree houses |
| Form subdivision | Comic books, strips, etc. |
| 9 (RLIN) | 6421144 |
| 650 #0 - SUBJECT ADDED ENTRY--TOPICAL TERM | |
| Topical term or geographic name as entry element | Comic books, strips, etc. |
| Geographic subdivision | United States. |
| 9 (RLIN) | 5689273 |
| 655 #7 - INDEX TERM--GENRE/FORM | |
| Genre/form data or focus term | Apocalyptic comics. |
| Source of term | lcgft. |
| 9 (RLIN) | 6477186 |
| 655 #7 - INDEX TERM--GENRE/FORM | |
| Genre/form data or focus term | Action and adventure comics. |
| Source of term | lcgft. |
| 9 (RLIN) | 5716592 |
| 655 #7 - INDEX TERM--GENRE/FORM | |
| Genre/form data or focus term | Comics (Graphic works) |
| Source of term | lcgft. |
| 9 (RLIN) | 5689343 |
| 655 #7 - INDEX TERM--GENRE/FORM | |
| Genre/form data or focus term | Graphic novels. |
| Source of term | lcgft. |
| 700 1# - ADDED ENTRY--PERSONAL NAME | |
| Personal name | Churilla, Brian, |
| Relator term | illustrator. |
| 9 (RLIN) | 6484917 |
| 700 1# - ADDED ENTRY--PERSONAL NAME | |
| Personal name | Peterson, Scott, |
| Dates associated with a name | 1968- |
| Relator term | adaptor. |
| 9 (RLIN) | 6255710 |
| 700 1# - ADDED ENTRY--PERSONAL NAME | |
| Personal name | Alpi, Victor, |
| Relator term | illustrator. |
| 9 (RLIN) | 6546241 |
| 700 1# - ADDED ENTRY--PERSONAL NAME | |
| Personal name | Duarte, Gonzalo |
| Titles and other words associated with a name | (Colorist), |
| Relator term | colorist. |
| 9 (RLIN) | 6475374 |
| 730 0# - ADDED ENTRY--UNIFORM TITLE | |
| Uniform title | Last kids on Earth (Television program) |
| 9 (RLIN) | 6546242 |
| 942 ## - ADDED ENTRY ELEMENTS (KOHA) | |
| Source of classification or shelving scheme | Dewey Decimal Classification |
| Koha item type | BOOK |
| Withdrawn status | Lost status | Source of classification or shelving scheme | Damaged status | Not for loan | Collection code | Home library | Current library | Shelving location | Date acquired | Source of acquisition | Serial Enumeration / chronology | Total Checkouts | Total Renewals | Full call number | Barcode | Date last seen | Date checked out | Cost, replacement price | Price effective from | Koha item type |
|---|---|---|---|---|---|---|---|---|---|---|---|---|---|---|---|---|---|---|---|---|
| Dewey Decimal Classification | Junior Graphic Novels | Wasatch County Library | Wasatch County Library | First Floor | 01/24/2025 | Lee & Low Books | #1 Last Kids on Earth - graphic | 8 | 4 | J GN Brallier | 34301002144279 | 03/09/2026 | 02/11/2026 | 23.99 | 01/24/2025 | BOOK |
